NEW WORLD OF INDIGENOUS RESISTANCE NOAM (Record no. 18033)

MARC details
000 -LEADER
fixed length control field 00333nam a2200133Ia 4500
008 - FIXED-LENGTH DATA ELEMENTS--GENERAL INFORMATION
fixed length control field 240624s9999 xx 000 0 und d
041 ## - LANGUAGE CODE
Language code of text/sound track or separate title eng
082 ## - DEWEY DECIMAL CLASSIFICATION NUMBER
Classification number 323.17 MEY
100 ## - MAIN ENTRY--PERSONAL NAME
Personal name MEYER LOIS
245 ## - TITLE STATEMENT
Title NEW WORLD OF INDIGENOUS RESISTANCE NOAM
260 ## - PUBLICATION, DISTRIBUTION, ETC.
Date of publication, distribution, etc. 2011
Place of publication, distribution, etc. San Francisco
Name of publisher, distributor, etc. Light Books
300 ## - PHYSICAL DESCRIPTION
Extent 416 : p.
365 ## - TRADE PRICE
Currency code
Price amount 25
Holdings
Withdrawn status Lost status Damaged status Not for loan Home library Current library Shelving location Date acquired Source of acquisition Cost, normal purchase price Full call number Barcode Date last seen Copy number Price effective from Koha item type
        IMTN IMTN Rack 5-B 09/28/2011 AP 18.95 323.17 MEY 18033 06/24/2024 47.7 06/24/2024 Books
Designed & Maintained by: LRC IMT Nagpur Contact: lrc@imtnag.ac.in© 2024. All Rights Reserved.